Immanuel Kant (1724-1804) und Ozeanographie
| Titel: | Immanuel Kant (1724-1804) und Ozeanographie |
|---|---|
| Verfasser: | |
| In: |
Deutsches Schiffahrtsarchiv, Band 27 (2004), Seite 153-171 alle Artikel anzeigen |
| Veröffentlicht: | 2004 [2005] |
| Format: | Aufsatz |
| Sprache: | Deutsch |
X
alg: 39225334 001A $01999:11-11-16 001B $01999:16-05-21 $t20:25:59.000 001D $01999:11-11-16 001U $0utf8 001X $00 002@ $0Aox 003@ $0392253348 007A $0392253348 $aHEB 007T $0Herdc0047885m 010@ $ager 011@ $a2004 $n2004 [2005] 021A $aImmanuel Kant (1724-1804) und Ozeanographie 028A $aKrause $dReinhard A. 031A $d27 $h153-171 $j2004 037A $aEnthält auch biographischen Abriss von Kant 037A $aengl. Res. 179-180: Immanuel Kant (1724-1804) and Oceanography; franz. Res. 180-181 039B $aIn $8--Abvc--. Deutsches Schiffahrtsarchiv. - Bremerhaven : Deutsches Schiffahrtsmuseum, 1975-2019. - ISSN 0343-3668 $x200400000270000847 $9047830182 045F $a929.094382 $eDDC23BSB 045F/01 $a929 045F/03 $g4382 045F/03 $g43832 lok: 39225334 78 exp: 39225334 78 1 #EPN 201B/01 $022-01-18 $t22:57:35.000 201U/01 $0utf8 203@/01 $0788349708 208@/01 $a11-11-16 $be 209A/01 $a/ $f000 $x00 220C/01 $aTitelaufnehmer: pg 220C/01 $aHerkunft: HI Marburg 244Z/01 $2Trx $#Prusy Wschodnie i Zachodnie $8--Trx--Ost- und Westpreußen $x01 $939113373X 244Z/01 $aGeschichte 1724-1804 $x02 244Z/01 $#Kant, Immanuel $#Kant, Immanuel $#Кант, Иммануил $#Кант, Імануель $#Kant, Imānūīl $#Kant, Immanui͏̈l $#Kant, Immanuelʹ $#Kant, Immānū'ēl $#Kant, Imanuell $#Kant, Immanowel $#Kantius $#Kanto, Imanueru $#Kānt, ʿImānūʾīl $#Kānt, ʿAmānūʾīl $#Ḳanṭ, ʿImanuʾel $#Kānṭ, ʿAmmānūʾīl $#Cant $#Kanti, Imanuel $#Kants, Imanuels $#Kants, Immanuēls $#Kantas, I. $#Kantas, Imanuelis $#Pseudo-Kant $#Yi man nu er Kang de $#Yimannuer-Kangde $#Kangde, Yimannuer $#Kang de $#Kangde $#Kant, Immanuil $#Kant, Imm. $#Kant, Inmanuel $#Kant, Manuel $#Kant $#Qanṭ, Immānū'ēl $#Kanto $#K'ang-tê, I. $#K'ang-tê $#Kānt $#Kānṭ, Imainual $#Kant, Immanuïl $#Kānt, ʿImānūīl $#Kant, Imanuwil $#Kant, Immanual $#Kant, Immanuell $#Kanto, I. $#Kant, Imanuel $#Kant, I. $#Kant, Emanuel $#Kant, Emanuele $#Kant, Emmanuel $#Kant, Emmanuele $#Kant, E. $#Kant, Manuele $#Kant, M. $#Kantius, Immanuel $#Kant, Imanuil $#Kant, Amanuil $#K`ant`u $#Canto, I. $#Kant, Im. $#Kant, `Imanu'el $#Kānt, `Ammānūʹīl $#Kant, IImmanuil $#Kant $#Kantius, Immanowel $#Kant, Imainual $#K`ang-te $#Кант, И. $#Кант, Иммануел $#Кант, Иммануил $#イマヌエル・カント $#カント, イマヌエル $#康德, 伊曼纽尔 $#קאנט, עמנואל $#קנט, עמנואל $#Кант, Імануель $7118559796 $8--Tp1--Kant, Immanuel$Z1724-1804 $x03 $908690082X 244Z/01 $2Trx $#mereteadus $#okeanografija $#maritime science $#óceánográfia $#oceanografia $#náuka o mori $#oceanográfie $#Ozeanographie $#Ozeanologie $#oceanografia $#oceanológia $8--Trx--Meereskunde $x04 $9391362909 244Z/01 $2Trx $#filosoofid $#filosofai $#philosophers $#filozófusok $#filozofowie $#filozofi $#filozofové $8--Trx--Philosophen $x05 $9391360442 244Z/01 $2Trx $8--Trx--Zeitschriftenaufsatz $x06 $9391384341 245Z/01 $a12.03 $x01 247C/01 $82080>Marburg/Lahn, Herder-Institut, Forschungsbibliothek, Bibliographieportal $9336309341
| LEADER | 00000caa a22000002c 4500 | ||
|---|---|---|---|
| 001 | 392253348 | ||
| 003 | DE-603 | ||
| 005 | 20210516202559.0 | ||
| 007 | tu | ||
| 008 | 161111s2004 xx |||| | u00||u|ger c | ||
| 035 | |a (DE-599)HEB392253348 | ||
| 040 | |a DE-603 |b ger |c DE-603 |d DE-603 | ||
| 041 | |a ger | ||
| 082 | 0 | 4 | |8 1\u |a 929.094382 |q DE-101 |2 23/BSB |
| 085 | |8 1\u |b 929 | ||
| 085 | |8 1\u |z 2 |s 4382 | ||
| 085 | |8 1\u |z 2 |s 43832 | ||
| 100 | 1 | |a Krause, Reinhard A. | |
| 245 | 0 | 0 | |a Immanuel Kant (1724-1804) und Ozeanographie |
| 264 | 0 | |c 2004 [2005] | |
| 500 | |a Enthält auch biographischen Abriss von Kant | ||
| 500 | |a engl. Res. 179-180: Immanuel Kant (1724-1804) and Oceanography; franz. Res. 180-181 | ||
| 773 | 0 | 8 | |i In |t Deutsches Schiffahrtsarchiv |d Bremerhaven : Deutsches Schiffahrtsmuseum, 1975-2019 |h 24 cm |x 0343-3668 |g Band 27 (2004), Seite 153-171 |w (DE-603)047830182 |w (DE-600)544145-6 |
| 924 | 0 | |9 2080 |a (DE-603)788349708 |b DE-2080 |c HES |d d |g / | |


